000 01254nam0a22003251 4500
001 v19\rc\2034618
005 20260406200632.0
035 _a(NLR Aleph) 005113139
090 _a7514856
_c7514856
100 _a20080925d1917 u y0rusy50 ca
101 0 _arus
102 _aRU
105 _ay z |||||
200 1 _aКак выбирать волостных земских гласных
_fГл. ком. Всерос. зем. союза. Экон. отд.
_gП.П. Гронский, прив.-доц. Петрогр. ун-та
210 _aМосква
_cРед.-изд. отд.
_d1917
215 _a8 с.
_d23
532 1 3 _aКак выбирать волостных земских гласных
700 1 _7ca
_8rus
_aГронский
_bП. П.
_f1883-1937
_gПавел Павлович
_9248993
_3RU\NLR\AUTH\770249049
712 0 2 _aВсероссийский земский союз
_bЭкономический отдел
_3RU\NLR\AUTH\889960158
_9416565
801 0 _aRU
_bNLR
_gpsbo
801 0 _aRU
_bRuMoRGB
_2psbo
801 1 _aRU
_bProSoft-M
_2rusmarc
852 _aNLR
_j37.63.7.67
899 _aRuMoRGB
_jA 240/306
899 _aRuMoRGB
_jU 402/161
899 _aБАН
899 _aГПИБ
942 _cBOOK
980 _aNB